El caballero de El Dorado: vida del conquistador Jiménez de Quesada

Salvato in:
Dettagli Bibliografici
Autore principale: Arciniegas, Germán (Autore)
Natura: Libro
Lingua:spagnolo
Pubblicazione: Buenos Aires Losada 1942
Soggetti:
Tags: Aggiungi Tag
Nessun Tag, puoi essere il primo ad aggiungerne!!

MARC

LEADER 00000nam a2200000 a 4500
001 UCO3717
003 CL-VaPUC
008 000720e19420000AG |||||||||||||||||spa|d
082 0 4 |a 923.9  |b ARC  |2 21 
100 0 |a Arciniegas, Germán  |e author  |9 447572 
245 1 3 |a El caballero de El Dorado: vida del conquistador Jiménez de Quesada 
300 |a 253 p 
942 |c BK 
945 |d 20000720 00:00:00  |a crobeson 
260 |a Buenos Aires  |b Losada  |c 1942 
600 0 7 |a JIMENEZ DE QUESADA  |2 CL-VaPUC  |9 447573 
650 0 |a Biografías  |9 255210 
650 7 |a CONQUISTADORES SIGLO 16  |2 CL-VaPUC  |9 447574 
650 0 |a Vida y obra  |9 311871 
650 7 |a DESCUBRIMIENTO Y CONQUISTA DE COLOMBIA  |2 CL-VaPUC  |9 447575 
583 |a last modification  |c 20160817 05:04:40  |k Rodrigo Vera 
999 |c 289849  |d 289847 
952 |0 0  |1 0  |4 0  |6 923_900000000000000_ARC_1942  |7 0  |8 X  |9 338743  |a BIBHIS  |b BIBHIS  |d 2019-11-20  |i 1297619  |o 923.9 ARC 1942  |p 1297619  |r 2024-01-30  |w 2019-11-20  |y BK_X  |k HIS